000 00312nam a22001337a 4500
008 170602b xxu||||| |||| 00| 0 eng d
020 _a9781416558972
041 _aeng
080 _a94
100 _a17
101 _aSHH
245 _aTHE WAR WITHIN A SECRET HOUSE HISTORY
_cWOODWARD.B
942 _2udc
_cBK
999 _c15748
_d15748